| 000 | 00517nam a2200181Ia 4500 | ||
|---|---|---|---|
| 008 | 240925s9999 xx 000 0 und d | ||
| 020 | _a8177588834 | ||
| 082 | _a610.28 CAR | ||
| 100 | _aCarr, J. Joseph; Carr, Joseph J. | ||
| 245 | 0 | _aIntroduction to Biomedical Equipment Technology | |
| 250 | _a4th | ||
| 260 |
_aNew Delhi: _bPearson Education _c,2008. |
||
| 300 |
_a496p. _bN.A _fOriginal |
||
| 500 | _aIncludes Index | ||
| 600 | _aHumanities & Natural Science | ||
| 650 | _aMedicine and health | ||
| 942 | _cBK | ||
| 999 |
_c13530 _d13530 |
||